000 01493 a2200241 4500
005 20080916111028.0
008 080916t xxu||||| |||| 00| 0 hin d
010 _aHIN-80883
020 _c325.00
_a818809997x
035 _aHN-53229
037 _bD.B.Act / ven
082 _a230.42
100 _aश्रीवास्तव, सी.एम.
245 _aनित्य पूजा क्यों और कैसेःपंचदेवोपासना के साथ ही अन्य विशिष्ट देवी-देवताओं की उपासना विधियां
_cसी.एम. श्रीवास्तव
246 _aNitya Puja kayu aur kashe
_bC.M.Shrivashtay
260 _aदिल्ली
_bमनोज पब्लिकेशन्स
_c2007
260 _aजयपुर
_bअनु प्रकाशन (वितरक)
300 _a311पृ
_c22 सेमी (सजिल्द)
270 _aमनोज पब्लिकेशन्स
_bदिल्ली
270 _a958,धामाणी मार्केट की गली चौड़ा रास्ता
_bजयपुर
942 _adpl
_cHN
_k230.42 / श्रीवास्त
_2ddc
_h230.42
_m श्रीवास्त
999 _c7235
_d7235